000 00904nam a2200277 i 4500
001 bg
245 0 0 _aPrawo zobowiązań - część szczegółowa /
_caut. Adam Brzozowski [et al.] ; red. Jerzy Rajski.
250 _aStan prawny na dzień 1 maja 2001 r.
260 _aWarszawa :
_bC.H.Beck :
_bInstytut Nauk Prawnych PAN,
_c2001.
300 _aXIX, 698 s. ;
_c25 cm.
490 1 _aSystem Prawa Prywatnego ;
_vt. 7
504 _aBibliogr. - Indeks.
650 9 _aPrawo zobowiązaniowe
_zPolska
_ystan na 2001 r.
655 _aPodręczniki akademickie
700 1 _aBRZOZOWSKI, Adam
700 1 _aRAJSKI, Jerzy.
_eRed.
830 _aSystem Prawa Prywatnego ;
020 _a837247009X
040 _cBPK
041 0 _apl
080 _a347.41/.43(438)
920 _a83-7247-009-X
942 _cKS
008 s pl f |000 0 pol
999 _c40340
_d40340
856 _uhttp://koha.tu.koszalin.pl/cgi-bin/koha/opac-detail.pl?biblionumber=40340
_yKatalog online BPK